000 00873nam a22002537a 4500
005 20170124103008.0
010 _aA-456105
020 _c35.00
035 _aA-456105
037 _bCen Lib/Ret
040 _aDPL
_bHN
082 _a
_bविश्वान
100 _aविश्वानन्द
_943304
245 _aकृष्णा /
_cविश्वानन्द
246 _aKrishna /
_bby Vishwanand
260 _aदिल्ली
_bपल्लव प्रकाशन
_c1991
270 _bदिल्ली
_aमालीवाडा
_e110006
300 _a118पृ.
_c17सेमी (सजिल्द)
650 _aहिन्दी साहित्य
_956758
650 _aउपन्यास
_956759
650 _aHindi literature
_956760
650 _aFiction
_98901
942 _2ddc
_cHN
_h
_mविश्वान
999 _c114418
_d114418